000 00555nam a2200145Ia 4500
008 151213s9999 xx 000 0 und d
100 _aহাসান হাফিজুর রহমান।
245 _aঅধুনিক কবি ও কবিতা
_cহাসান হাফিজুর রহমান।
260 _aঢাকা
_bবাংলা একাডেমী।
_c1973
300 _a8421 p.
650 _aBangla
650 _aBengali Literature
700 _aহাসান হাফিজুর রহমান।
999 _c4259
_d4259